Statistics for Pokémon Games without "Pokémon" in the Title

Click here to take the quiz!

General Stats

  • This quiz has been taken 18 times
  • The average score is 2 of 6

Answer Stats

ConsoleGame% Correct
N64Hey You, Pikachu!
55%
WiiPoképark Wii: Pikachu's Adventure
55%
Arcade / WiiU /
Switch
Pokken Tournament /
Pokken Tournament DX
55%
3DSDetective Pikachu
36%
WiiPoképark 2: Wonders Beyond
27%
MobilePokémate
0%

Score Distribution

Percentile by Number Answered

Percent of People with Each Score

Your Score History

You have not taken this quiz